Loading...

Hindu wife, Hindu nation: Community, religion and cultural nationalism /

Bibliographic Details
Main Author: Tanika Sarkar
Format: Printed Book
Language:English
Published: New Delhi: Permanent black, 2001.
LEADER 00794nam a2200145Ia 4500
008 121027s9999 xx 000 0 eng d
020 |a 8178240076 
082 |a 305.4869451  |b TAN/H 
100 |a Tanika Sarkar 
245 |a Hindu wife, Hindu nation: Community, religion and cultural nationalism / 
260 |a New Delhi:  |b Permanent black,  |c 2001. 
300 |a 290p 
505 |a 1. Domesticity and nationalism in nineteenth-century Bengal 2. Religion, law and love in late nineteenth-century Bengal 3. Autobiography of a nineteenth-century woman 4. Bankimchandra and the impossibility of a political agenda 5. Hindu and the Muslim in  
999 |c 52291  |d 52291 
952 |0 0  |1 0  |4 0  |6 305_486945054140000_TAN  |7 0  |9 52269  |a UL  |b UL  |c ST1  |d 2012-10-27  |l 17  |m 6  |o 305.48694505414 TAN/  |p 75319  |r 2021-08-18  |s 2021-08-11  |w 2012-10-27  |y BK